000 00369nam a2200157Ia 4500
003 Ost
005 20260225132549.0
008 260225s9999||||xx |||||||||||||| ||und||
040 _cfsic
041 _afre
082 _a440
100 _aRédha malek
_eAuteur
245 0 _aTradition et révolution le véritable en jeu /
245 0 _cRédha malek
942 _cكتاب
999 _c34029
_d34029